[Event "CHI-ch sf"]
[Site "Quilpue"]
[Date "2020.02.02"]
[Round "7"]
[White "Jorquera Cabello, Valentina Paz"]
[Black "Montero Martinez, Cristian"]
[Result "1/2-1/2"]
[WhiteElo "2007"]
[BlackElo "2112"]
[PlyCount "73"]
[EventDate "2020.01.30"]
[EventType "swiss"]
[EventRounds "8"]
[EventCountry "CHI"]
[SourceTitle "CBM 194 Extra"]
[Source "ChessBase"]
[SourceDate "2020.03.31"]
[SourceVersion "1"]
[SourceVersionDate "2020.03.31"]
[SourceQuality "1"]

1. e4 c5 2. Nf3 Nc6 3. d3 g6 4. g3 Bg7 5. Bg2 d6 6. 0-0 Nf6 7. c3 0-0 8. Re1 e5 9. a3 h6 10. b4 a6 11. Bb2 Re8 12. Nbd2 b5 13. d4 c4 14. a4 Bb7 15. d5 Ne7 16. axb5 axb5 17. Rxa8 Qxa8 18. Qc2 Qa7 19. Ra1 Qb6 20. Bc1 Ng4 21. Nf1 f5 22. h3 fxe4 23. hxg4 exf3 24. Bxf3 Ra8 25. Rxa8+ Bxa8 26. Be3 Qd8 27. g5 Qf8 28. Be4 hxg5 29. Bxg5 Nxd5 30. Nd2 Nc7 31. Bxa8 Qxa8 32. Qxg6 Qf8 33. Ne4 Ne8 34. Qe6+ Qf7 35. Qc8 Bf8 36. Bh6 Qg6 37. Be3 1/2-1/2

[Event "CHI-ch (Women)"]
[Site "Las Condes"]
[Date "2019.02.12"]
[Round "1"]
[White "Rozas Lazcano, Valeska"]
[Black "Jorquera Cabello, Valentina Paz"]
[Result "0-1"]
[WhiteElo "1219"]
[BlackElo "2016"]
[PlyCount "82"]
[EventDate "2019.02.12"]
[EventType "swiss"]
[EventRounds "9"]
[EventCountry "CHI"]
[SourceTitle "CBM 188 Extra"]
[Source "ChessBase"]
[SourceDate "2019.02.26"]
[SourceVersion "1"]
[SourceVersionDate "2019.02.26"]
[SourceQuality "1"]

1. e4 c5 2. b4 d6 3. bxc5 dxc5 4. Nf3 Nc6 5. Bb5 Bd7 6. 0-0 e6 7. c3 Nf6 8. Re1 a6 9. Ba4 c4 10. Bc2 e5 11. d4 cxd3 12. Qxd3 h6 13. Nbd2 Bc5 14. h3 0-0 15. Nf1 Qc7 16. Ne3 Bxe3 17. Qxe3 Rac8 18. Bb3 Na5 19. Ba3 Rfe8 20. Rac1 Be6 21. Nd2 Nc4 22. Nxc4 Bxc4 23. Bb2 Red8 24. Red1 b5 25. Qf3 Qc6 26. Re1 Rd2 27. Ba1 Rcd8 28. g4 R8d3 29. Qf5 Rxh3 30. g5 Rh5 31. Qf3 Rxg5+ 32. Kh1 Ng4 33. Rc2 Nxf2+ 34. Kh2 Ng4+ 35. Kh1 Rd3 36. Qg2 Qg6 37. Rg1 Qh5+ 38. Qh2 Nxh2 39. Rxh2 Qf3+ 40. Rgg2 Qf1+ 41. Rg1 Rxg1# 0-1

[Event "Olympiad Women-43"]
[Site "Batumi"]
[Date "2018.09.26"]
[Round "3.23"]
[White "Jorquera Cabello, Valentina Paz"]
[Black "Moaataz, Ayah"]
[Result "0-1"]
[WhiteElo "2031"]
[BlackElo "2020"]
[PlyCount "84"]
[EventDate "2018.09.24"]
[EventType "team-swiss"]
[EventRounds "11"]
[EventCountry "GEO"]
[SourceTitle "EXT 2020"]
[Source "ChessBase"]
[SourceDate "2019.10.17"]
[SourceVersion "1"]
[SourceVersionDate "2019.10.17"]
[SourceQuality "1"]
[WhiteTeam "Chile (W)"]
[BlackTeam "Egypt (W)"]
[WhiteTeamCountry "CHI"]
[BlackTeamCountry "EGY"]

1. e4 c6 2. d3 d5 3. Nd2 e5 4. g3 Nf6 5. Bg2 Bd6 6. Ngf3 0-0 7. 0-0 Re8 8. Re1 a5 9. c3 dxe4 10. dxe4 b5 11. Qc2 Bb7 12. Nf1 Qc7 13. Bg5 Nbd7 14. Rad1 c5 15. Nh4 c4 16. Nf5 Bf8 17. N1e3 h6 18. Bxf6 Nxf6 19. Nd5 Qc6 20. Qe2 g6 21. Nfe3 Nd7 22. Qf3 Bg7 23. h4 Nc5 24. Ng4 Ra6 25. Bf1 h5 26. Nge3 Bc8 27. Rd2 Bh6 28. Red1 Bg4 29. Nxg4 hxg4 30. Qxg4 Bxd2 31. Rxd2 Ra7 32. Qg5 Nxe4 33. Qe3 Nxd2 34. Qxd2 Kg7 35. Ne3 Rd7 36. Qe2 Red8 37. Qg4 Qf6 38. Qe4 Rd2 39. Ng4 Qf5 40. Qxf5 gxf5 41. Nxe5 Rxb2 42. f3 Rd1 0-1

[Event "American Continental (Women) 10th"]
[Site "Villa Martelli"]
[Date "2017.09.14"]
[Round "9"]
[White "Jorquera Cabello, Valentina Paz"]
[Black "Nejanky, Maisa"]
[Result "1/2-1/2"]
[WhiteElo "1977"]
[BlackElo "2018"]
[PlyCount "118"]
[EventDate "2017.09.05"]
[EventType "swiss"]
[EventRounds "9"]
[EventCountry "ARG"]
[SourceTitle "CBM 180 Extra"]
[Source "ChessBase"]
[SourceDate "2017.10.06"]
[SourceVersion "1"]
[SourceVersionDate "2017.10.06"]
[SourceQuality "1"]

1. e4 c5 2. Nf3 d6 3. d4 cxd4 4. Nxd4 Nf6 5. Nc3 Nc6 6. Bg5 e6 7. Qd2 a6 8. f3 Bd7 9. 0-0-0 b5 10. Kb1 Be7 11. h4 h6 12. Be3 h5 13. Nxc6 Bxc6 14. Ne2 Qc7 15. Nd4 Bd7 16. Bd3 d5 17. exd5 Nxd5 18. Be4 Nxe3 19. Qxe3 Rc8 20. g4 hxg4 21. fxg4 Rxh4 22. Rxh4 Bxh4 23. g5 Qc5 24. g6 Bf6 25. c3 b4 26. cxb4 Qxb4 27. Nb3 Rc7 28. gxf7+ Kxf7 29. Bg6+ Ke7 30. Qd3 a5 31. Bh5 Qf4 32. Nxa5 Qf5 33. Nb3 Bb5 34. Qxf5 exf5 35. Re1+ Kd6 36. Rd1+ Ke5 37. Nd4 Ba6 38. b4 Rc4 39. b5 Rb4+ 40. Kc2 Bxb5 41. Nxb5 Rxb5 42. a4 Rc5+ 43. Kb3 g5 44. Kb4 Rc2 45. a5 Be7+ 46. Kb5 g4 47. Bf7 f4 48. a6 Rc8 49. a7 Ra8 50. Ka6 Bc5 51. Rd5+ Kf6 52. Rxc5 Kxf7 53. Rf5+ Kg6 54. Rxf4 Kg5 55. Rf7 g3 56. Kb7 Rxa7+ 57. Kxa7 Kg4 58. Kb6 g2 59. Rg7+ Kf3 1/2-1/2

[Event "American Continental (Women) 10th"]
[Site "Villa Martelli"]
[Date "2017.09.08"]
[Round "4"]
[White "Amura, Claudia Noemi"]
[Black "Jorquera Cabello, Valentina Paz"]
[Result "1/2-1/2"]
[WhiteElo "2262"]
[BlackElo "1977"]
[PlyCount "120"]
[EventDate "2017.09.05"]
[EventType "swiss"]
[EventRounds "9"]
[EventCountry "ARG"]
[SourceTitle "CBM 180 Extra"]
[Source "ChessBase"]
[SourceDate "2017.10.06"]
[SourceVersion "1"]
[SourceVersionDate "2017.10.06"]
[SourceQuality "1"]

1. d4 Nf6 2. c4 g6 3. Nc3 Bg7 4. e4 d6 5. Nf3 0-0 6. Be3 e5 7. dxe5 dxe5 8. Qxd8 Rxd8 9. Nd5 Nxd5 10. cxd5 c6 11. Bc4 h6 12. Rc1 cxd5 13. Bxd5 Na6 14. a3 Rd7 15. 0-0 Nc7 16. Bb3 b6 17. Rfd1 Rxd1+ 18. Rxd1 Be6 19. Bxe6 Nxe6 20. Kf1 Rd8 21. Rxd8+ Nxd8 22. Ke2 f5 23. Kd3 Kf7 24. Nh4 f4 25. Bd2 Bf6 26. Nf3 Ke6 27. Kc4 a6 28. a4 Be7 29. Ne1 Nb7 30. f3 g5 31. Nd3 Nd6+ 32. Kc3 Nf7 33. Be1 Kd7 34. Kc4 Kc6 35. Bb4 b5+ 36. axb5+ axb5+ 37. Kb3 Bd8 38. Bc3 Bc7 39. Nb4+ Kc5 40. Na6+ Kb6 41. Nb4 Kc5 42. Nd3+ Kc6 43. Bb4 h5 44. h3 Bb6 45. Be7 Bd4 46. Nb4+ Kd7 47. Nd5 Ke6 48. Bb4 g4 49. hxg4 hxg4 50. fxg4 Ng5 51. Nc7+ Kf6 52. Nxb5 Bxb2 53. Kxb2 Nxe4 54. Be1 Kg5 55. Nc3 Nf6 56. Kc2 Nxg4 57. Ne4+ Kf5 58. Kd3 Ne3 59. g3 Nf1 60. gxf4 exf4 1/2-1/2

[Event "American Continental (Women) 10th"]
[Site "Villa Martelli"]
[Date "2017.09.07"]
[Round "3"]
[White "Jorquera Cabello, Valentina Paz"]
[Black "Zuriel, Marisa"]
[Result "1-0"]
[WhiteElo "1977"]
[BlackElo "2180"]
[PlyCount "73"]
[EventDate "2017.09.05"]
[EventType "swiss"]
[EventRounds "9"]
[EventCountry "ARG"]
[SourceTitle "CBM 180 Extra"]
[Source "ChessBase"]
[SourceDate "2017.10.06"]
[SourceVersion "1"]
[SourceVersionDate "2017.10.06"]
[SourceQuality "1"]

1. e4 c5 2. Nf3 e6 3. d4 cxd4 4. Nxd4 a6 5. Nc3 Qc7 6. Bd3 Nf6 7. 0-0 Nc6 8. Nxc6 dxc6 9. Qe2 e5 10. a4 a5 11. h3 Bc5 12. Kh1 h5 13. Be3 Qb6 14. Nd1 Bxe3 15. Nxe3 Qxb2 16. f4 exf4 17. Nc4 Qd4 18. e5 Nd5 19. Nd6+ Kf8 20. Bf5 Bxf5 21. Nxf5 Qc3 22. Rae1 Re8 23. Rf3 Qc5 24. c4 Nc7 25. Nd6 Re7 26. Rxf4 Ne6 27. Rff1 Kg8 28. Qf3 Nd4 29. Qf4 Ne6 30. Qf5 Nd4 31. Qg5 Rd7 32. Ne4 Qe7 33. Nf6+ Kf8 34. Nxd7+ Qxd7 35. Rd1 Rh6 36. e6 Nxe6 37. Qxh6 1-0

[Event "Olympiad Women-42"]
[Site "Baku"]
[Date "2016.09.08"]
[Round "6.3"]
[White "Beydullayeva, Govhar"]
[Black "Jorquera Cabello, Valentina Paz"]
[Result "1/2-1/2"]
[WhiteElo "1994"]
[BlackElo "2019"]
[PlyCount "108"]
[EventDate "2016.09.02"]
[EventType "team-swiss"]
[EventRounds "11"]
[EventCountry "AZE"]
[SourceTitle "CBM 174 Extra"]
[Source "ChessBase"]
[SourceDate "2016.10.10"]
[SourceVersion "1"]
[SourceVersionDate "2016.10.10"]
[SourceQuality "1"]
[WhiteTeam "Azerbaijan (W) III"]
[BlackTeam "Chile (W)"]
[WhiteTeamCountry "AZE"]
[BlackTeamCountry "CHI"]

1. d4 Nf6 2. c4 g6 3. Nc3 Bg7 4. e4 d6 5. Nf3 0-0 6. Be2 e5 7. Be3 Na6 8. 0-0 Qe7 9. d5 Ng4 10. Bg5 f6 11. Bh4 h5 12. Nd2 c5 13. dxc6 bxc6 14. a3 Nh6 15. f3 g5 16. Bf2 f5 17. exf5 Nxf5 18. Nde4 Nc7 19. b4 Ne6 20. b5 Bb7 21. bxc6 Bxc6 22. Nd5 Bxd5 23. Qxd5 Kh8 24. Qd2 Nfd4 25. Rab1 Nf4 26. Bxd4 exd4 27. Rb5 d5 28. cxd5 Qxa3 29. g3 Nxe2+ 30. Qxe2 Qe3+ 31. Qxe3 dxe3 32. Kg2 Rac8 33. d6 Rc2+ 34. Kg1 e2 35. Re1 Bd4+ 36. Kg2 Bb6 37. Rxg5 h4 38. Rh5+ Kg8 39. Rg5+ Kf7 40. Rf5+ Kg7 41. Re5 h3+ 42. Kxh3 Rxf3 43. Ng5 Rf2 44. d7 Kf6 45. Re6+ Kxg5 46. Rxb6 Rd2 47. Rb5+ Kf6 48. Rb8 Rxd7 49. Rf8+ Rf7 50. Rxf7+ Kxf7 51. g4 Rf3+ 52. Kg2 Re3 53. Kf2 Rh3 54. Kg2 Re3 1/2-1/2

[Event "Santiago Women of Chile"]
[Site "Santiago de Chile"]
[Date "2016.01.15"]
[Round "7.2"]
[White "Diaz Sepulveda, Alejandra Andrea"]
[Black "Jorquera Cabello, Valentina Paz"]
[Result "0-1"]
[WhiteElo "1641"]
[BlackElo "1993"]
[PlyCount "112"]
[EventDate "2016.01.12"]
[EventType "swiss"]
[EventRounds "9"]
[EventCountry "CHI"]
[SourceTitle "EXT 2024"]
[Source "ChessBase"]
[SourceDate "2023.10.10"]
[SourceVersion "1"]
[SourceVersionDate "2023.10.10"]
[SourceQuality "1"]

1. e4 c5 2. Nf3 a6 3. d4 cxd4 4. Nxd4 Nf6 5. Bd3 e5 6. Nb3 Bb4+ 7. c3 Be7 8. 0-0 h6 9. a4 0-0 10. Be3 d5 11. f3 Be6 12. Nc5 Bxc5 13. Bxc5 Re8 14. Qc2 Nbd7 15. Bf2 dxe4 16. Bxe4 Nxe4 17. Qxe4 Qc7 18. Qb4 a5 19. Qh4 Nc5 20. Bxc5 Qxc5+ 21. Qf2 Qc6 22. Na3 Qxa4 23. Qb6 Qc6 24. Qxc6 bxc6 25. Nc2 Reb8 26. b4 Bb3 27. Rfc1 a4 28. Na3 Ra7 29. Re1 f6 30. Kf2 Rd7 31. Rac1 Kf7 32. g3 Rd5 33. h4 h5 34. Re3 Ke6 35. Rg1 Rbd8 36. Rc1 Kf5 37. Nb1 Bc4 38. g4+ hxg4 39. fxg4+ Kxg4 40. Rg3+ Kf5 41. Rxg7 Rd1 42. Rg1 Rxc1 43. Rxc1 Kg4 44. Rh1 Kf4 45. h5 e4 46. Rh4+ Ke5 47. h6 f5 48. h7 Rh8 49. Ke3 Bf7 50. Rh6 f4+ 51. Kf2 e3+ 52. Ke1 Bd5 53. Na3 f3 54. c4 Be4 55. b5 f2+ 56. Ke2 Bd3+ 0-1

[Event "Pan American-ch U20 Girls"]
[Site "San Salvador"]
[Date "2015.07.18"]
[Round "5"]
[White "Gutierrez Espinosa, Karen"]
[Black "Jorquera Cabello, Valentina Paz"]
[Result "1-0"]
[WhiteElo "2078"]
[BlackElo "2005"]
[PlyCount "75"]
[EventDate "2015.07.16"]
[EventType "tourn"]
[EventRounds "9"]
[EventCountry "ESA"]
[SourceTitle "EXT 2016"]
[Source "ChessBase"]
[SourceDate "2015.10.08"]
[SourceVersion "1"]
[SourceVersionDate "2015.10.08"]
[SourceQuality "1"]

1. e4 c5 2. Nf3 d6 3. d4 cxd4 4. Nxd4 Nf6 5. Nc3 Nc6 6. Be3 e5 7. Ndb5 a6 8. Na3 Ng4 9. Nd5 Nxe3 10. Nxe3 b5 11. c3 Be6 12. Nac2 Rb8 13. Qd2 Be7 14. Be2 0-0 15. 0-0 Qd7 16. Nd5 Rfd8 17. Rad1 f5 18. f3 f4 19. b3 Bh4 20. Kh1 a5 21. a4 bxa4 22. bxa4 Ne7 23. Bb5 Qa7 24. Nxe7+ Qxe7 25. c4 Qf7 26. Na3 Qh5 27. Rb1 Bg3 28. h3 Qh4 29. Bc6 Rxb1 30. Rxb1 Kf8 31. Rb8 Rxb8 32. Qxd6+ Kf7 33. Qxb8 Qe7 34. Nb5 Bxc4 35. Nd6+ Kf6 36. Nxc4 Qb4 37. Qxe5+ Kg6 38. Be8+ 1-0

[Event "Pan American-ch U20 Girls"]
[Site "San Salvador"]
[Date "2015.07.18"]
[Round "4"]
[White "Jorquera Cabello, Valentina Paz"]
[Black "Eswaran, Ashritha"]
[Result "0-1"]
[WhiteElo "2005"]
[BlackElo "2095"]
[PlyCount "100"]
[EventDate "2015.07.16"]
[EventType "tourn"]
[EventRounds "9"]
[EventCountry "ESA"]
[SourceTitle "EXT 2016"]
[Source "ChessBase"]
[SourceDate "2015.10.08"]
[SourceVersion "1"]
[SourceVersionDate "2015.10.08"]
[SourceQuality "1"]

1. e4 c5 2. Nf3 d6 3. Bb5+ Nd7 4. d4 a6 5. Bxd7+ Bxd7 6. c4 cxd4 7. Qxd4 e5 8. Qd3 h6 9. 0-0 Nf6 10. Rd1 Qc7 11. b3 Bc6 12. Nc3 Be7 13. a4 0-0 14. Ba3 Rfd8 15. b4 Rac8 16. b5 Be8 17. Nd5 Nxd5 18. cxd5 Qc4 19. Nxe5 Qxd3 20. Nxd3 Rc4 21. e5 Rxa4 22. bxa6 bxa6 23. f3 Bb5 24. Nf2 Bf8 25. Ne4 dxe5 26. d6 Rd4 27. g4 Rxd1+ 28. Rxd1 Be2 29. Rd2 Bxf3 30. Nf2 f6 31. h3 Kf7 32. Kh2 Ke6 33. Nd3 Bxd6 34. Bxd6 Rxd6 35. Nc5+ Ke7 36. Rxd6 Kxd6 37. Nxa6 Bb7 38. Nb4 Kc5 39. Nc2 Be4 40. Ne3 Kd4 41. Nf1 g6 42. Kg3 f5 43. gxf5 gxf5 44. Kf2 f4 45. h4 Bd5 46. h5 Bf7 47. Nd2 e4 48. Ke1 Bxh5 49. Nb3+ Ke3 50. Nd2 Be2 0-1

[Event "South America-ch U20 Girls 11th"]
[Site "Barrancabermeja"]
[Date "2015.04.25"]
[Round "5"]
[White "Jorquera Cabello, Valentina Paz"]
[Black "Librelato, Kathie Goulart"]
[Result "1-0"]
[WhiteElo "2007"]
[BlackElo "1826"]
[PlyCount "98"]
[EventDate "2015.04.22"]
[EventType "swiss"]
[EventRounds "9"]
[EventCountry "COL"]
[SourceTitle "CBM 166 Extra"]
[Source "ChessBase"]
[SourceDate "2015.06.18"]
[SourceVersion "1"]
[SourceVersionDate "2015.06.18"]
[SourceQuality "1"]

1. e4 e5 2. Nf3 Nc6 3. Bb5 a6 4. Ba4 Nf6 5. 0-0 Be7 6. Re1 b5 7. Bb3 d6 8. c3 0-0 9. h3 Bb7 10. d4 Re8 11. Nbd2 Bf8 12. a3 Nb8 13. Bc2 Nbd7 14. b4 c5 15. d5 Nb6 16. Nb3 Qc7 17. Na5 Nfd7 18. Be3 Rec8 19. Bb3 c4 20. Bc2 Re8 21. a4 Rac8 22. Nxb7 Qxb7 23. axb5 axb5 24. Ra5 Ra8 25. Rxb5 Ra3 26. Bc1 Ra1 27. Ra5 Ra8 28. Rxa1 Rxa1 29. Qe2 Ra2 30. Be3 Qa6 31. Rc1 Qa3 32. Qe1 Nc8 33. Qd1 Na7 34. Nd2 Nb5 35. Nxc4 Qa8 36. Bb3 Ra6 37. Na5 Rxa5 38. bxa5 Qxa5 39. c4 Nd4 40. Bxd4 exd4 41. Qxd4 Nc5 42. Bc2 Qa2 43. e5 g6 44. exd6 Bxd6 45. Ra1 Qxc2 46. Ra8+ Bf8 47. Qxc5 Qc1+ 48. Kh2 Qf4+ 49. g3 Qh6 1-0

[Event "South America-ch U20 Girls 11th"]
[Site "Barrancabermeja"]
[Date "2015.04.24"]
[Round "4"]
[White "Salcedo, Jackeline"]
[Black "Jorquera Cabello, Valentina Paz"]
[Result "1/2-1/2"]
[WhiteElo "2027"]
[BlackElo "2007"]
[PlyCount "91"]
[EventDate "2015.04.22"]
[EventType "swiss"]
[EventRounds "9"]
[EventCountry "COL"]
[SourceTitle "CBM 166 Extra"]
[Source "ChessBase"]
[SourceDate "2015.06.18"]
[SourceVersion "1"]
[SourceVersionDate "2015.06.18"]
[SourceQuality "1"]

1. c4 Nf6 2. Nc3 g6 3. e4 d6 4. d4 Bg7 5. f3 0-0 6. Bg5 Nc6 7. Qd2 Re8 8. Nge2 a6 9. Ng3 Na5 10. Be2 b5 11. cxb5 axb5 12. Rc1 c6 13. 0-0 Nc4 14. Bxc4 bxc4 15. Rfd1 d5 16. Bh6 Qb6 17. Be3 e6 18. b3 cxb3 19. Rb1 Nd7 20. axb3 Ba6 21. Na4 Qb7 22. Ne2 Bf8 23. Nec3 Bb4 24. Qf2 Bb5 25. Nxb5 cxb5 26. Nc5 Nxc5 27. dxc5 Bc3 28. Bd4 b4 29. Qe3 Bxd4 30. Qxd4 dxe4 31. fxe4 Qb5 32. Rbc1 Rec8 33. Qc4 Qxc4 34. Rxc4 Rc6 35. Rd6 Rac8 36. Rxc6 Rxc6 37. e5 f6 38. exf6 Kf7 39. Kf2 Kxf6 40. Kf3 Ke5 41. Rxb4 Rxc5 42. Rb7 Kd4 43. Rxh7 Rc3+ 44. Ke2 Rxb3 45. Rh4+ Kd5 46. Rg4 1/2-1/2

[Event "South America-ch U20 Girls 11th"]
[Site "Barrancabermeja"]
[Date "2015.04.23"]
[Round "2"]
[White "Duran, Maria Camila"]
[Black "Jorquera Cabello, Valentina Paz"]
[Result "0-1"]
[WhiteElo "1576"]
[BlackElo "2007"]
[PlyCount "60"]
[EventDate "2015.04.22"]
[EventType "swiss"]
[EventRounds "9"]
[EventCountry "COL"]
[SourceTitle "CBM 166 Extra"]
[Source "ChessBase"]
[SourceDate "2015.06.18"]
[SourceVersion "1"]
[SourceVersionDate "2015.06.18"]
[SourceQuality "1"]

1. e4 c5 2. Nf3 d6 3. c3 Nf6 4. Be2 Nc6 5. d4 cxd4 6. cxd4 Nxe4 7. d5 Qa5+ 8. Nc3 Nb8 9. 0-0 Nxc3 10. bxc3 Nd7 11. Re1 Nf6 12. Bd2 g6 13. c4 Qd8 14. Bg5 Bg7 15. Rb1 0-0 16. Bd3 b6 17. Qd2 e6 18. Bc2 exd5 19. cxd5 Bb7 20. Bb3 Rc8 21. Rbd1 Qd7 22. Qf4 Nh5 23. Re7 Qxe7 24. Bxe7 Nxf4 25. Bxf8 Kxf8 26. Ng5 Bxd5 27. Bxd5 Nxd5 28. Nxh7+ Kg8 29. Ng5 Nc3 30. Rxd6 Ne4 0-1

[Event "CHI-ch U20 Girls"]
[Site "San Carlos"]
[Date "2015.02.12"]
[Round "5"]
[White "Zeballos Luque, Shirley"]
[Black "Jorquera Cabello, Valentina Paz"]
[Result "0-1"]
[WhiteElo "1589"]
[BlackElo "2000"]
[PlyCount "88"]
[EventDate "2015.02.10"]
[EventType "tourn"]
[EventRounds "7"]
[EventCountry "CHI"]
[SourceTitle "CBM 164 Extra"]
[Source "ChessBase"]
[SourceDate "2015.03.02"]
[SourceVersion "1"]
[SourceVersionDate "2015.03.02"]
[SourceQuality "1"]

1. e4 c5 2. Nc3 d6 3. f4 g6 4. Bb5+ Bd7 5. a4 Bg7 6. Nf3 Nc6 7. 0-0 Nh6 8. d3 Nd4 9. Be3 Ng4 10. Bxd7+ Qxd7 11. Bf2 Nxf3+ 12. Qxf3 Nxf2 13. Kxf2 Bd4+ 14. Ke2 e6 15. Ra2 a6 16. f5 exf5 17. Nd5 fxe4 18. Qxe4+ Kd8 19. Nb6 f5 20. Qh4+ Qe7+ 21. Qxe7+ Kxe7 22. Nxa8 Rxa8 23. c3 Be5 24. Kf3 g5 25. Raa1 Bxh2 26. Ke2 Bf4 27. Rf3 Kf6 28. g3 Re8+ 29. Kf2 Be5 30. g4 Bf4 31. gxf5 h5 32. Rh3 h4 33. Rd1 Kxf5 34. d4 c4 35. b3 Bg3+ 36. Kf1 cxb3 37. Rb1 Kg4 38. Rh1 h3 39. c4 b2 40. Rg1 h2 41. Rh1 Kf3 42. Rxh2 Bxh2 43. Rxb2 Bg3 44. Rb3+ Re3 0-1

[Event "CHI-ch U20 Girls"]
[Site "San Carlos"]
[Date "2015.02.11"]
[Round "2"]
[White "Jorquera Cabello, Valentina Paz"]
[Black "Gomez Barrera, Javiera Belen"]
[Result "1/2-1/2"]
[WhiteElo "2000"]
[BlackElo "1797"]
[PlyCount "112"]
[EventDate "2015.02.10"]
[EventType "tourn"]
[EventRounds "7"]
[EventCountry "CHI"]
[SourceTitle "CBM 164 Extra"]
[Source "ChessBase"]
[SourceDate "2015.03.02"]
[SourceVersion "1"]
[SourceVersionDate "2015.03.02"]
[SourceQuality "1"]

1. e4 e5 2. Nf3 Nc6 3. Bb5 a6 4. Ba4 Nf6 5. 0-0 Be7 6. Re1 b5 7. Bb3 d6 8. c3 0-0 9. h3 Nb8 10. d4 Nbd7 11. a4 Bb7 12. Nbd2 Re8 13. Bc2 Bf8 14. b3 g6 15. d5 c6 16. c4 cxd5 17. cxd5 Bg7 18. axb5 axb5 19. Rxa8 Bxa8 20. b4 Bh6 21. Qe2 Qb6 22. Bd3 Rb8 23. Nb3 Bxc1 24. Rxc1 Nh5 25. Qc2 Nf4 26. Na5 Nxd3 27. Qxd3 Re8 28. Nc6 Nb8 29. Nxb8 Qxb8 30. Nd2 Qb6 31. Nb3 Bb7 32. Na5 Rc8 33. Rxc8+ Bxc8 34. Qc2 Bd7 35. Nc6 Kg7 36. Qc3 f6 37. Kf1 Kf7 38. Na5 Qb8 39. Nb3 Qc8 40. Qxc8 Bxc8 41. f3 Ke7 42. Kf2 Bd7 43. h4 h6 44. Nd2 g5 45. g3 Be8 46. Nf1 Bd7 47. Ne3 Kf7 48. h5 Ke7 49. f4 Kf7 50. fxg5 Bf5 51. Kf3 Ke7 52. g4 Kf7 53. Nc2 Ke7 54. Na1 Kd8 55. Nb3 Ke7 56. Na5 Kd8 1/2-1/2

[Event "American Continental 10th"]
[Site "Praia da Pipa"]
[Date "2014.10.26"]
[Round "11"]
[White "Jorquera Cabello, Valentina Paz"]
[Black "Pinero, Ismael"]
[Result "1-0"]
[WhiteElo "2000"]
[BlackElo "1925"]
[PlyCount "67"]
[EventDate "2014.10.18"]
[EventType "swiss"]
[EventRounds "11"]
[EventCountry "BRA"]
[SourceTitle "EXT 2015"]
[Source "ChessBase"]
[SourceDate "2014.11.20"]
[SourceVersion "1"]
[SourceVersionDate "2014.11.20"]
[SourceQuality "1"]

1. e4 c5 2. Nf3 Nc6 3. d4 cxd4 4. Nxd4 Nf6 5. Nc3 e5 6. Ndb5 d6 7. Bg5 a6 8. Na3 b5 9. Bxf6 gxf6 10. Nd5 f5 11. Bd3 Bg7 12. 0-0 Be6 13. c4 b4 14. Nc2 a5 15. exf5 Bxd5 16. cxd5 Ne7 17. Ne3 h5 18. Qf3 Ng8 19. Rac1 Nf6 20. Bb5+ Kf8 21. Rc6 Rc8 22. Rfc1 Rxc6 23. dxc6 Qc7 24. Nd5 Nxd5 25. Qxd5 Bf6 26. Rd1 Ke7 27. Bc4 Rh7 28. a3 h4 29. axb4 axb4 30. Ra1 Qb6 31. Qb5 Qxb5 32. Bxb5 Kd8 33. Ra7 Rh8 34. c7+ 1-0

[Event "American Continental 10th"]
[Site "Praia da Pipa"]
[Date "2014.10.25"]
[Round "10"]
[White "Barata, Adriano Albiani"]
[Black "Jorquera Cabello, Valentina Paz"]
[Result "1-0"]
[WhiteElo "2171"]
[BlackElo "2000"]
[PlyCount "87"]
[EventDate "2014.10.18"]
[EventType "swiss"]
[EventRounds "11"]
[EventCountry "BRA"]
[SourceTitle "EXT 2015"]
[Source "ChessBase"]
[SourceDate "2014.11.20"]
[SourceVersion "1"]
[SourceVersionDate "2014.11.20"]
[SourceQuality "1"]

1. Nf3 Nf6 2. c4 e6 3. g3 Be7 4. Bg2 d5 5. 0-0 0-0 6. d4 c6 7. b3 b6 8. Bb2 Ba6 9. Nbd2 Nbd7 10. Qc2 Rc8 11. e4 dxe4 12. Nxe4 Nxe4 13. Qxe4 Nf6 14. Qc2 b5 15. Ne5 bxc4 16. bxc4 c5 17. Qa4 Qd6 18. dxc5 Rxc5 19. Ba3 Qxe5 20. Bxc5 Bxc5 21. Qxa6 Ng4 22. Rab1 Qf6 23. Rb3 Nxf2 24. Rf3 Ng4+ 25. Kh1 Qh6 26. h3 Ne3 27. Qc6 Nxf1 28. Qxc5 Nd2 29. Rf2 Nb1 30. Qb4 Qe3 31. Rf3 Qb6 32. Qe1 Qa6 33. Qxb1 Qxc4 34. Qb3 Qc1+ 35. Rf1 Qg5 36. Kh2 h6 37. a4 Rd8 38. Rd1 Rc8 39. Rd3 Qe5 40. Qb4 Qb8 41. Qxb8 Rxb8 42. Rd7 a6 43. Rd6 a5 44. Ra6 1-0